000 01026cam a22002895i 4500
001 17846124
003 EG-ScBUE
005 20230202110527.0
008 130809s2014 maua f b 001 0 eng d
020 _a9780415721899 (pbk.)
020 _z9781315858944 (ebook)
040 _aDLC
_beng
_erda
_cDLC
_dDLC
_dEG-ScBUE
082 0 4 _a777.52
_222
_bCLA
100 1 _aClaiborne, Vickie,
_eauthor.
_938544
245 1 0 _aMedia servers for lighting programmers :
_ba comprehensive guide to working with digital lighting /
_cVickie Claiborne.
264 1 _aBurlington ; Oxon :
_bFocal Press / Taylor & Francis Group,
_c2014.
300 _axviii, 224 pages :
_bcolor illustrations ;
_c24 cm
336 _2rdacontent
_atext
_btxt
337 _2rdamedia
_aunmediated
_bn
338 _2rdacarrier
_avolume
_bnc
504 _aIncludes bibliographical references and index.
650 7 _aDigital control systems.
_2BUEsh
_919120
651 _2BUEsh
653 _bCOMAME
_cJune2015
_cOctober2015
655 _vReading book
942 _2ddc
_cBB
999 _c19884
_d19856